|
|
|
|
| LEADER |
01502nam a2200349 a 4500 |
| 001 |
18977 |
| 003 |
BD-DhAAL |
| 008 |
090816s2007 nyu b 001 0 eng d |
| 010 |
|
|
|a 2007012117
|
| 020 |
|
|
|a 9781842778562 (pb : alk. paper)
|
| 020 |
|
|
|a 1842778560 (pb : alk. paper)
|
| 020 |
|
|
|a 9781842778555 (hb : alk. paper)
|
| 020 |
|
|
|a 1842778552 (hb : alk. paper)
|
| 040 |
|
|
|a DLC
|c DLC
|d DLC
|d BD-DhAAL
|
| 082 |
0 |
0 |
|a 305.4809581
|2 23
|
| 100 |
1 |
|
|a Rostami-Povey, Elaheh.
|9 54617
|
| 245 |
1 |
0 |
|a Afghan women :
|b identity and invasion /
|c Elaheh Rostami-Povey.
|
| 260 |
|
|
|a New York :
|b Zed Books,
|c 2007.
|
| 263 |
|
|
|a 0708
|
| 300 |
|
|
|a 159 pages ;
|c 22 cm.
|
| 504 |
|
|
|a Includes bibliographical references and index.
|
| 505 |
0 |
|
|a Introduction -- Resistance and struggles under the Taliban -- Resistance and struggle under invasion -- Exile in Iran, Pakistan, the UK and the USA -- Challenging gender and imperial domination.
|
| 541 |
1 |
|
|e 18977
|
| 650 |
|
0 |
|a Women
|z Afghanistan.
|9 54618
|
| 650 |
|
0 |
|a Women
|z Afghanistan
|x Social conditions.
|9 54619
|
| 650 |
|
0 |
|a Women
|z Afghanistan
|x Economic conditions.
|9 54620
|
| 650 |
|
0 |
|a Sex discrimination against women
|z Afghanistan.
|9 54621
|
| 651 |
|
0 |
|a Afghanistan
|x Social life and customs.
|9 54622
|
| 852 |
4 |
|
|a Ayesha Abed Library
|
| 942 |
|
|
|2 ddc
|c BK
|
| 999 |
|
|
|c 3018
|d 3018
|
| 952 |
|
|
|0 0
|1 0
|2 ddc
|4 0
|6 305_480958100000000_ROS
|7 0
|9 2733
|a BIGD
|b BIGD
|c GEN
|d 2009-08-18
|l 0
|o 305.4809581 ROS
|p 3050018977
|r 2009-08-18
|t 1
|w 2009-08-18
|y BK
|x Transferred from BDI to BIGD.
|